LIBRARY & INFORMATION CENTRE, KCAET, TAVANUR

ONLINE PUBLIC ACCESS CATALOGUE (OPAC)

Poetry and drama: The English galaxy of shorter poems / (Record no. 5760)

MARC details
000 -LEADER
fixed length control field 00497cam a2200181ua 4500
041 ## - LANGUAGE CODE
Language code of text/sound track or separate title eng
082 ## - DEWEY DECIMAL CLASSIFICATION NUMBER
Classification number 821
Item number BUL/PO
100 ## - MAIN ENTRY--AUTHOR NAME
Personal name Bullett, Gerald .
245 ## - TITLE STATEMENT
Title Poetry and drama: The English galaxy of shorter poems /
260 ## - PUBLICATION, DISTRIBUTION, ETC. (IMPRINT)
Place of publication London :
Name of publisher J M Dent and Sons Ltd ,
Year of publication 1947.
300 ## - PHYSICAL DESCRIPTION
Number of Pages 496 ; .
490 0# - SERIES STATEMENT
Series statement Everyman`s Library,
Volume number/sequential designation
942 ## - ADDED ENTRY ELEMENTS (KOHA)
Koha item type Books
Holdings
Withdrawn status Lost status Damaged status Home library Current library Date acquired Full call number Accession Number Koha item type
Withdrawn     KAUAET Malayalam University 07/04/2012 821 4337 Books
free website counter